| 000 | 00954nam a2200265 4500 | ||
|---|---|---|---|
| 003 | OSt | ||
| 005 | 20260530115307.0 | ||
| 008 | 260508b1976 |||oea|| |||| 001 0 eng d | ||
| 020 | _a0823071499 | ||
| 040 |
_aICI _bspa _cICI |
||
| 050 |
_aNK1390 _bD47 |
||
| 100 | 1 |
_aMargolies, John _932180 |
|
| 245 | 1 | 0 |
_aDesign Review: _bIndustrial Design 22nd Annual: Innovation and excellence in American design: consumer products, contract and residential, visualcommunications, equipment and instrumentation, environmental |
| 264 | 1 |
_bWhitney Library of Design & Watson Gupttill Publicati. _c1976 _aNew York |
|
| 300 | _a208 páginas | ||
| 336 |
_atexto _2rdacontent |
||
| 337 |
_asin medio _2rdamedia |
||
| 338 |
_avolumen _2rdacarrier |
||
| 650 |
_aDiseño industrial _915218 |
||
| 650 | _aDiseño de productos | ||
| 650 | _aDiseño contemporáneo | ||
| 650 | _aInnovaciones tecnológicas | ||
| 650 |
_aDiseño estadounidense _932184 |
||
| 942 |
_2lcc _cBK _n1 |
||
| 999 |
_c13147 _d13147 |
||